| 000 -CABECERA |
| fixed length control field |
01852nam a22002897a 4500 |
| 003 - IDENTIFICADOR DEL NÚMERO DE CONTROL |
| control field |
AR-CdUCM |
| 008 - DATOS DE LONGITUD FIJA--INFORMACIÓN GENERAL |
| fixed length control field |
190425b ||||| |||| 00| 0 spa d |
| 040 ## - FUENTE DE LA CATALOGACIÓN |
| Agencia/entidad que catalogó originalmente la obra |
MUNICIPALIDAD PROVINCIAL DEL CUSCO |
| Entidad que transcribió la catalogación |
BIBLIOTECA MUNICIPAL DEL CUSCO |
| 082 ## - NÚMERO DE LA CLASIFICACIÓN DECIMAL DEWEY |
| No. de Clasificación |
Situa/N°1,2/2006 |
| 245 ## - MENCIÓN DE TÍTULO |
| Título |
Situa : |
| Resto del título |
Revista semestral de la Facultad de Medicina Humana / |
| Mención de responsabilidad |
Facultad de Medicina Humana, Universidad Nacional de San Antonio Abad del Cusco |
| 260 ## - PUBLICACIÓN, DISTRIBUCIÓN, ETC. |
| Lugar de publicación, distribución, etc. |
Cusco : |
| Nombre de la editorial, distribuidor, etc. |
[UNSAAC], |
| Fecha de publicación, distribución, etc. |
2006. |
| 300 ## - DESCRIPCIÓN FÍSICA |
| Nº de Páginas Extensión |
47 páginas. : |
| Dimensiones |
31 cm. |
| 440 ## - MENCIÓN DE SERIE/PUNTO DE ACCESO ADICIONAL--TÍTULO |
| Título |
Situa revista semestral de la Facultad de Medicina Humana. |
| Número de la parte/sección de una obra |
Vol 15, N° 1-2, enero-diciembre 2006. |
| 9 (RLIN) |
47370 |
| 505 ## - NOTA DE CONTENIDO CON FORMATO |
| Nota de contenido formateada |
Contenido: Los profesionales de salud y el consentimiento informado retos de la educación universitaria. Eduardo Zarate. -- Criterios clínicos y laboratoriales utilizados para indicar paquete globular y plasma fresco congelado en el hospital de apoyo departamental cusco, 2006. Richard Américo Cuevas Cisneros. -- Estudio comparativo de dimensiones de arcos dentarios en niños desnutridos crónicos y eutróficos con dentición decidua y mixta primera fase. Laura Angelica Layseca Acosta. -- Biopsia en odontología. Herbert Cosió Dueñas. -- Calidad de vida en pacientes con cáncer de mama-hospital EsSalud Cusco. Fredy Monge Rodríguez. -- Ramiro Farfán Cantero, aquí y ahora. Ángel Avendaño. |
| 650 ## - PUNTO DE ACCESO ADICIONAL DE MATERIA--TÉRMINO DE MATERIA |
| Descriptor |
Medicina humana |
| 9 (RLIN) |
47329 |
| 650 ## - PUNTO DE ACCESO ADICIONAL DE MATERIA--TÉRMINO DE MATERIA |
| Descriptor |
Salud pública |
| 9 (RLIN) |
6404 |
| 650 ## - PUNTO DE ACCESO ADICIONAL DE MATERIA--TÉRMINO DE MATERIA |
| Descriptor |
Hospitales |
| 9 (RLIN) |
47330 |
| 650 ## - PUNTO DE ACCESO ADICIONAL DE MATERIA--TÉRMINO DE MATERIA |
| Descriptor |
Centros de Salud |
| 9 (RLIN) |
32510 |
| 700 ## - PUNTO DE ACCESO ADICIONAL--NOMBRE DE PERSONA |
| Nombre Personal |
Farfán Cantero, Ramiro |
| 9 (RLIN) |
47333 |
| 700 ## - PUNTO DE ACCESO ADICIONAL--NOMBRE DE PERSONA |
| Nombre Personal |
Cuevas Cisneros, Richard Américo |
| 9 (RLIN) |
47371 |
| 700 ## - PUNTO DE ACCESO ADICIONAL--NOMBRE DE PERSONA |
| Nombre Personal |
Layseca Acosta, Laura Angelica |
| 9 (RLIN) |
47372 |
| 700 ## - PUNTO DE ACCESO ADICIONAL--NOMBRE DE PERSONA |
| Nombre Personal |
Cosió Dueñas, Herbert |
| 9 (RLIN) |
47368 |
| 700 ## - PUNTO DE ACCESO ADICIONAL--NOMBRE DE PERSONA |
| Nombre Personal |
Fredy Monge Rodríguez |
| 9 (RLIN) |
47373 |
| 710 ## - PUNTO DE ACCESO ADICIONAL--NOMBRE DE ENTIDAD CORPORATIVA |
| Nombre corporativo (En letras Mayúsculas) |
Universidad Nacional de San Antonio Abad del Cusco |
| 9 (RLIN) |
15942 |
| 942 ## - ELEMENTOS DE PUNTO DE ACCESO ADICIONAL (KOHA) |
| Fuente de clasificación |
|
| Tipo de item |
Revistas cusqueñas |
| 945 ## - PROCESAMIENTO DE INFORMACIÓN LOCAL (OCLC) |
| Catalogador |
vhl |